HUMAN FRONTAL IDENTFICATION BASED ON SIFT AND PATTERN RECOGNITION TECHNIQUES A HYBRID APPROACH / (Record no. 535059)

000 -LEADER
fixed length control field 00532nam a22001577a 4500
020 ## - INTERNATIONAL STANDARD BOOK NUMBER
Qualifying information Hard Cover.
082 ## - DEWEY DECIMAL CLASSIFICATION NUMBER
Classification number 621.39
100 ## - MAIN ENTRY--PERSONAL NAME
Personal name Karim, Faisal
245 ## - TITLE STATEMENT
Title HUMAN FRONTAL IDENTFICATION BASED ON SIFT AND PATTERN RECOGNITION TECHNIQUES A HYBRID APPROACH /
Statement of responsibility, etc. Faisal Kareem.
260 ## - PUBLICATION, DISTRIBUTION, ETC.
Place of publication, distribution, etc. Islamabad:
Name of publisher, distributor, etc. CEME NUST,
Date of publication, distribution, etc. 2014.
300 ## - PHYSICAL DESCRIPTION
Extent 81 p. :
Other physical details ill. ;
Dimensions 30cm.
942 ## - ADDED ENTRY ELEMENTS (KOHA)
Source of classification or shelving scheme
Koha item type Thesis
650 ## - SUBJECT ADDED ENTRY--TOPICAL TERM
Topical term or geographic name entry element Computer Engineering MS-Thesis.
700 ## - ADDED ENTRY--PERSONAL NAME
Personal name Dr. Usman Qamar
650 ## - SUBJECT ADDED ENTRY--TOPICAL TERM
-- 16083
700 ## - ADDED ENTRY--PERSONAL NAME
-- 18579
Holdings
Withdrawn status Lost status Source of classification or shelving scheme Damaged status Not for loan Permanent Location Current Location Shelving location Date acquired Total Checkouts Full call number Barcode Date last seen Price effective from Koha item type
          Central Library (CL) Central Library (CL) Thesis 08/28/2020   621.39 CL-T-223 08/28/2020 08/28/2020 Thesis
© 2023 Central Library, National University of Sciences and Technology. All Rights Reserved.